[Event "Bogota Centro Comercial op 2nd"]
[Site "Bogota"]
[Date "2024.04.14"]
[Round "1"]
[White "Chaucanes, Lina Marcela"]
[Black "Guevara Garcia, Miguel Angel"]
[Result "0-1"]
[WhiteElo "1963"]
[BlackElo "1507"]
[PlyCount "72"]
[EventDate "2024.04.14"]
[EventType "swiss"]
[EventRounds "7"]
[EventCountry "COL"]
[SourceTitle "CB16_2024"]
[SourceDate "2024.04.17"]
[SourceVersion "1"]
[SourceVersionDate "2024.04.17"]
[SourceQuality "1"]

1. e4 e6 2. d4 d5 3. exd5 exd5 4. c4 Nf6 5. Nc3 Be7 6. Nf3 0-0 7. Be2 dxc4 8. 0-0 Be6 9. Ne5 Nbd7 10. Nxc4 Bxc4 11. Bxc4 Nb6 12. Bb3 Nfd5 13. Qf3 c6 14. Be3 Rc8 15. Ne4 Nf6 16. Ng3 Nfd5 17. Nh5 Bf6 18. Rfd1 Qe7 19. Re1 Qd6 20. a3 Rce8 21. Nxf6+ Nxf6 22. Rad1 Nfd5 23. Bc2 Kh8 24. Bg5 f6 25. Bh4 Qd7 26. Bg3 Qf7 27. Bd6 Rxe1+ 28. Rxe1 Re8 29. Rxe8+ Qxe8 30. h3 Nc4 31. Qf5 g6 32. Qf3 Nxd6 33. Bb3 Qe6 34. Kh2 Qf5 35. Qe2 Qe4 36. Qd2 Qf4+ 0-1

[Event "Calle rapid op"]
[Site "Calle"]
[Date "2024.03.10"]
[Round "2"]
[White "Chaucanes, Lina Marcela"]
[Black "Galvis Cala, Miguel Angel"]
[Result "0-1"]
[WhiteElo "1993"]
[BlackElo "1590"]
[PlyCount "47"]
[EventDate "2024.03.10"]
[EventType "swiss (rapid)"]
[EventRounds "6"]
[EventCountry "COL"]
[SourceTitle "CB11_2024"]
[SourceDate "2024.03.13"]
[SourceVersion "1"]
[SourceVersionDate "2024.03.13"]
[SourceQuality "1"]

1. e4 c5 2. c3 d5 3. exd5 Qxd5 4. d4 cxd4 5. cxd4 e5 6. Nf3 exd4 7. Qxd4 Qxd4 8. Nxd4 a6 9. Bc4 Bb4+ 10. Nd2 Nf6 11. 0-0 0-0 12. N2f3 Nbd7 13. a3 Bd6 14. Nf5 Bc7 15. Bg5 Re8 16. Rfe1 Nb6 17. Rxe8+ Nxe8 18. Ne7+ Kf8 19. Ba2 f6 20. Nxc8 Rxc8 21. Be3 Nd6 22. Nd4 Nbc4 23. Rc1 Nxe3 24. fxe3 0-1

[Event "Calle rapid op"]
[Site "Calle"]
[Date "2024.03.10"]
[Round "1"]
[White "Guevara Garcia, Miguel Angel"]
[Black "Chaucanes, Lina Marcela"]
[Result "0-1"]
[WhiteElo "1504"]
[BlackElo "1993"]
[PlyCount "106"]
[EventDate "2024.03.10"]
[EventType "swiss (rapid)"]
[EventRounds "6"]
[EventCountry "COL"]
[SourceTitle "CB11_2024"]
[SourceDate "2024.03.13"]
[SourceVersion "1"]
[SourceVersionDate "2024.03.13"]
[SourceQuality "1"]

1. d4 d5 2. c4 e6 3. g3 Nf6 4. Bg2 h6 5. Nf3 c5 6. e3 Nc6 7. cxd5 exd5 8. 0-0 Bg4 9. Nc3 cxd4 10. exd4 Be7 11. Be3 0-0 12. Qb3 Na5 13. Qa4 Nc4 14. Ne5 Nxe3 15. fxe3 Be6 16. Qb3 Rb8 17. Rac1 Qa5 18. Rc2 Rfd8 19. Rcf2 a6 20. a3 Bd6 21. Ne2 Bxe5 22. dxe5 Ng4 23. Rf4 Qd2 24. Nd4 Nxe3 25. R1f2 Qe1+ 26. Bf1 Bh3 27. Nf3 Qc1 28. Nd4 Bxf1 29. Rxf1 Nxf1 30. Rxf1 Qd2 31. Nf3 Qe2 32. Rf2 Qe4 33. Qc3 Rbc8 34. Qd2 d4 35. Kg2 d3 36. Qd1 Rd5 37. Rd2 Rxe5 38. Rxd3 Qe2+ 39. Qxe2 Rxe2+ 40. Kf1 Rxb2 41. h3 Rc1+ 42. Ne1 Rbb1 43. Re3 b5 44. Kf2 Rxe1 45. Rxe1 Rxe1 46. Kxe1 a5 47. Kd2 Kf8 48. Kc3 Ke7 49. Kd4 Kd6 50. Ke4 Kc5 51. Kd3 Kd5 52. g4 g6 53. h4 f5 0-1

[Event "Calle rapid op"]
[Site "Calle"]
[Date "2024.03.10"]
[Round "3"]
[White "Piza Rodriguez, Alejandro"]
[Black "Chaucanes, Lina Marcela"]
[Result "0-1"]
[WhiteElo "1528"]
[BlackElo "1993"]
[PlyCount "60"]
[EventDate "2024.03.10"]
[EventType "swiss (rapid)"]
[EventRounds "6"]
[EventCountry "COL"]
[SourceTitle "CB11_2024"]
[SourceDate "2024.03.13"]
[SourceVersion "1"]
[SourceVersionDate "2024.03.13"]
[SourceQuality "1"]

1. e4 c5 2. Nf3 Nc6 3. d4 cxd4 4. Nxd4 Nf6 5. Nc3 e5 6. Ndb5 d6 7. Bg5 a6 8. Na3 Be7 9. Bxf6 Bxf6 10. Nc4 Nd4 11. Ne3 0-0 12. Bc4 Bg5 13. Ncd5 b5 14. Bb3 Bxe3 15. c3 Nxb3 16. axb3 Bc5 17. 0-0 Be6 18. Kh1 f5 19. f3 a5 20. b4 axb4 21. Rxa8 Qxa8 22. Nc7 Qc8 23. Nxe6 Qxe6 24. cxb4 Bxb4 25. Qc2 Qc4 26. Qd1 fxe4 27. b3 Qd4 28. Qc1 e3 29. Rd1 Bd2 30. Qc2 e2 0-1

[Event "COL-ch Universities (Women)"]
[Site "Santa Marta"]
[Date "2012.10.28"]
[Round "5"]
[White "Chaucanes, Lina Marcela"]
[Black "Castro, Natalia Patricia"]
[Result "0-1"]
[WhiteElo "2061"]
[BlackElo "2007"]
[PlyCount "58"]
[EventDate "2012.10.26"]
[EventType "swiss"]
[EventRounds "6"]
[EventCountry "COL"]
[SourceTitle "EXT 2015"]
[Source "ChessBase"]
[SourceDate "2014.11.20"]
[SourceVersion "1"]
[SourceVersionDate "2014.11.20"]
[SourceQuality "1"]

1. e4 c5 2. c3 g6 3. d4 cxd4 4. cxd4 d5 5. e5 Nc6 6. Nf3 Bg4 7. Be3 Bh6 8. Be2 Bxe3 9. fxe3 Nh6 10. 0-0 Nf5 11. Qd2 e6 12. Nc3 Bxf3 13. Bxf3 Qg5 14. Rae1 Ncxd4 15. Qd3 Nxf3+ 16. Rxf3 0-0 17. Ref1 Nh4 18. Rg3 Qxe5 19. e4 dxe4 20. Nxe4 Nf5 21. Rh3 Rad8 22. Qf3 Rd4 23. Nc3 b6 24. g4 Nd6 25. Rf2 Qg5 26. Rg3 Rd2 27. Rgg2 Rxf2 28. Qxf2 Qc5 29. Qxc5 bxc5 0-1

[Event "COL-ch Universities (Women)"]
[Site "Santa Marta"]
[Date "2012.10.26"]
[Round "2"]
[White "Morales, Diana Marcela"]
[Black "Chaucanes, Lina Marcela"]
[Result "0-1"]
[WhiteElo "1908"]
[BlackElo "2061"]
[PlyCount "45"]
[EventDate "2012.10.26"]
[EventType "swiss"]
[EventRounds "6"]
[EventCountry "COL"]
[SourceTitle "EXT 2015"]
[Source "ChessBase"]
[SourceDate "2014.11.20"]
[SourceVersion "1"]
[SourceVersionDate "2014.11.20"]
[SourceQuality "1"]

1. d4 Nf6 2. Nf3 g6 3. Bf4 Bg7 4. e3 d6 5. h3 b6 6. c4 Bb7 7. Be2 0-0 8. 0-0 Nbd7 9. Nc3 Re8 10. Bh2 e5 11. d5 a6 12. Qc2 b5 13. cxb5 Nxd5 14. Nxd5 Bxd5 15. Rfc1 Nc5 16. bxa6 Nxa6 17. e4 Bb7 18. b4 Nxb4 19. Qb2 Ba6 20. Bxa6 Nxa6 21. Qb7 d5 22. exd5 e4 23. Bxc7 0-1

[Event "COL-ch (Women)"]
[Site "San Andres Islas"]
[Date "2008.12.04"]
[Round "8"]
[White "Chaucanes, Lina Marcela"]
[Black "Mateus, Martha"]
[Result "0-1"]
[WhiteElo "2068"]
[BlackElo "2138"]
[PlyCount "94"]
[EventDate "2008.12.01"]
[EventType "swiss"]
[EventRounds "9"]
[EventCountry "COL"]
[SourceTitle "CBM 127 Extra"]
[Source "ChessBase"]
[SourceDate "2009.01.08"]
[SourceVersion "2"]
[SourceVersionDate "2009.01.28"]
[SourceQuality "1"]

1. e4 c5 2. c3 d5 3. exd5 Qxd5 4. d4 Nf6 5. Nf3 Bg4 6. Be2 e6 7. h3 Bh5 8. 0-0 Nc6 9. Be3 cxd4 10. cxd4 Be7 11. Nc3 Qd6 12. Qd2 Nd5 13. Ne4 Qb4 14. g4 Bg6 15. Qxb4 Ncxb4 16. Bb5+ Kf8 17. Nc3 h5 18. Ne5 hxg4 19. hxg4 Bh7 20. Bc4 f6 21. Nd7+ Kf7 22. Nxd5 exd5 23. Bb3 Bd3 24. a3 Bxf1 25. Rxf1 Rad8 26. Nc5 Bxc5 27. dxc5 Nc6 28. Rd1 Ne7 29. Bf4 f5 30. gxf5 Rh5 31. Bc7 Rd7 32. Bd6 Rxf5 33. Ba4 Rd8 34. Bc2 Rg5+ 35. Kf1 Rh8 36. Rd3 Rh1+ 37. Ke2 Rh6 38. Rb3 Re6+ 39. Kf1 b6 40. Rf3+ Rf6 41. Re3 Nf5 42. Bxf5 Rgxf5 43. Re7+ Kg6 44. Rxa7 Rxf2+ 45. Kg1 Rxb2 46. Be5 bxc5 47. Bxf6 Kxf6 0-1

[Event "COL-ch (Women)"]
[Site "San Andres Islas"]
[Date "2008.12.04"]
[Round "7"]
[White "Ortiz, Nadya Karolina"]
[Black "Chaucanes, Lina Marcela"]
[Result "1-0"]
[WhiteElo "2230"]
[BlackElo "2068"]
[PlyCount "95"]
[EventDate "2008.12.01"]
[EventType "swiss"]
[EventRounds "9"]
[EventCountry "COL"]
[SourceTitle "CBM 127 Extra"]
[Source "ChessBase"]
[SourceDate "2009.01.08"]
[SourceVersion "2"]
[SourceVersionDate "2009.01.28"]
[SourceQuality "1"]

1. e4 c5 2. Nf3 e6 3. d4 cxd4 4. Nxd4 Nc6 5. Nc3 Qc7 6. Be2 a6 7. 0-0 b5 8. a3 Bb7 9. Kh1 Nf6 10. Be3 Rd8 11. f4 Nxd4 12. Qxd4 d5 13. Qb6 Qxb6 14. Bxb6 Rc8 15. e5 Ne4 16. Nxe4 dxe4 17. c3 Bc5 18. Ba5 0-0 19. a4 Bc6 20. b3 f6 21. exf6 Rxf6 22. h3 Rcf8 23. Bc7 Rg6 24. Kh2 e3 25. g3 Rf7 26. Be5 Rd7 27. Rfd1 Rd2 28. Rxd2 exd2 29. axb5 axb5 30. b4 Be3 31. Rf1 Rh6 32. h4 g5 33. fxg5 Bxg5 34. h5 Be4 35. g4 Bc2 36. Kg3 Bb3 37. Bd1 Bc4 38. Rf4 Bxf4+ 39. Kxf4 Kf7 40. Kg5 Rg6+ 41. hxg6+ hxg6 42. Bf4 Bd3 43. Bxd2 e5 44. Bb3+ Ke7 45. Be3 Kd7 46. Kf6 Kd6 47. Bc5+ Kc6 48. Kxe5 1-0

[Event "COL-ch (Women)"]
[Site "San Andres Islas"]
[Date "2008.12.02"]
[Round "3"]
[White "Chaucanes, Lina Marcela"]
[Black "Franco Valencia, Beatriz Irene"]
[Result "1-0"]
[WhiteElo "2068"]
[BlackElo "2172"]
[PlyCount "95"]
[EventDate "2008.12.01"]
[EventType "swiss"]
[EventRounds "9"]
[EventCountry "COL"]
[SourceTitle "CBM 127 Extra"]
[Source "ChessBase"]
[SourceDate "2009.01.08"]
[SourceVersion "2"]
[SourceVersionDate "2009.01.28"]
[SourceQuality "1"]

1. e4 e5 2. Nf3 d6 3. d4 exd4 4. Nxd4 Nf6 5. Nc3 Be7 6. Be2 0-0 7. 0-0 Re8 8. f4 Bf8 9. Bf3 Nbd7 10. Re1 c6 11. Be3 Nc5 12. Bf2 Qc7 13. g4 Ne6 14. Nxe6 fxe6 15. g5 Nd7 16. Qd2 b5 17. Rad1 Bb7 18. Bg2 b4 19. Ne2 d5 20. Ng3 Nc5 21. exd5 exd5 22. c3 Ne6 23. Be3 bxc3 24. bxc3 Bd6 25. f5 Nc5 26. Qf2 Ne4 27. Bxe4 dxe4 28. Bc5 e3 29. Rxe3 Bxc5 30. Rxe8+ Rxe8 31. Qxc5 Qf4 32. Qxa7 Bc8 33. Qd4 Qxg5 34. Qc4+ Kh8 35. Qf7 Rg8 36. Re1 Qd8 37. Re7 Qd1+ 38. Kf2 Qc2+ 39. Re2 Qxc3 40. Re8 Qd4+ 41. Ke1 Qc3+ 42. Kd1 Qd3+ 43. Ke1 Qc3+ 44. Kf1 Ba6+ 45. Kg2 Qd2+ 46. Kh3 Bf1+ 47. Nxf1 Qd3+ 48. Ng3 1-0

[Event "COL-ch (Women)"]
[Site "San Andres Islas"]
[Date "2008.12.02"]
[Round "4"]
[White "Matta, Paola Andrea"]
[Black "Chaucanes, Lina Marcela"]
[Result "0-1"]
[WhiteElo "2029"]
[BlackElo "2068"]
[PlyCount "114"]
[EventDate "2008.12.01"]
[EventType "swiss"]
[EventRounds "9"]
[EventCountry "COL"]
[SourceTitle "CBM 127 Extra"]
[Source "ChessBase"]
[SourceDate "2009.01.08"]
[SourceVersion "2"]
[SourceVersionDate "2009.01.28"]
[SourceQuality "1"]

1. Nf3 Nf6 2. c4 e6 3. g3 d5 4. d4 c5 5. cxd5 Nxd5 6. Bg2 cxd4 7. Nxd4 Be7 8. 0-0 0-0 9. e4 Nf6 10. e5 Nd5 11. Qg4 Kh8 12. Rd1 Nd7 13. Qh5 Qc7 14. Bxd5 exd5 15. Bf4 g6 16. Qe2 g5 17. e6 gxf4 18. exd7 Qxd7 19. Qe5+ f6 20. Qxf4 b6 21. Nc3 Bb7 22. Nf5 Bc5 23. Ne4 Rad8 24. Rac1 Bc8 25. Ne3 Bxe3 26. fxe3 Qe6 27. Nc3 Rfe8 28. Kf2 Ba6 29. Rd4 Rf8 30. Ra4 b5 31. Rd4 Rc8 32. Rcd1 Qh3 33. Kg1 Rc4 34. Nxd5 Rc2 35. R4d2 Rc4 36. Qd6 Qc8 37. b3 Rc6 38. Qb4 Qe8 39. Qd4 Rf7 40. Nb4 Re6 41. Qf4 Qe7 42. Nxa6 Rxa6 43. Rd8+ Rf8 44. R1d7 Qxd8 45. Rxd8 Rxd8 46. e4 Rd1+ 47. Kg2 Rxa2+ 48. Kh3 Rdd2 49. Qxf6+ Kg8 50. e5 h5 51. Kh4 Rxh2+ 52. Kg5 Raf2 53. Qd8+ Kg7 54. Qd7+ Rf7 55. Qd6 Rhf2 56. Qd4 R7f5+ 57. Kh4 Rh2# 0-1

[Event "COL-ch (Women)"]
[Site "San Andres Islas"]
[Date "2008.12.01"]
[Round "2"]
[White "Chaucanes, Lina Marcela"]
[Black "Morales, Diana Marcela"]
[Result "1-0"]
[WhiteElo "2068"]
[BlackElo "1936"]
[PlyCount "41"]
[EventDate "2008.12.01"]
[EventType "swiss"]
[EventRounds "9"]
[EventCountry "COL"]
[SourceTitle "CBM 127 Extra"]
[Source "ChessBase"]
[SourceDate "2009.01.08"]
[SourceVersion "2"]
[SourceVersionDate "2009.01.28"]
[SourceQuality "1"]

1. e4 e5 2. Nf3 Nc6 3. Bb5 a6 4. Ba4 Nf6 5. 0-0 Nxe4 6. Re1 Nc5 7. Bxc6 dxc6 8. Nxe5 Be6 9. d4 Nd7 10. Bf4 Qf6 11. Qd2 h6 12. Nc3 Bb4 13. Nxd7 Kxd7 14. Be5 Qg6 15. Re3 Rhg8 16. Rg3 Qh7 17. a3 Bd6 18. Bxd6 cxd6 19. d5 Bf5 20. dxc6+ bxc6 21. Rd1 1-0

[Event "Cali Olimpiad sf-A (Women)"]
[Site "Cali"]
[Date "2008.09.03"]
[Round "5.1"]
[White "Chaucanes, Lina Marcela"]
[Black "Garcia, Martha Liliana"]
[Result "1-0"]
[WhiteElo "2000"]
[BlackElo "1976"]
[PlyCount "53"]
[EventDate "2008.09.03"]
[EventType "tourn"]
[EventRounds "7"]
[EventCountry "COL"]
[SourceTitle "EXT 2024"]
[Source "ChessBase"]
[SourceDate "2023.10.10"]
[SourceVersion "1"]
[SourceVersionDate "2023.10.10"]
[SourceQuality "1"]

1. e4 e5 2. Nf3 Qe7 3. Nc3 c6 4. Bc4 d6 5. h3 h6 6. d4 Nd7 7. a4 g5 8. Be3 Qf6 9. Qd2 Ne7 10. dxe5 dxe5 11. Ne2 Ng6 12. Ng3 Nf4 13. Kf1 Nc5 14. h4 g4 15. Nxe5 Qxe5 16. Bd4 Qd6 17. e5 Qd8 18. Qxf4 Ne6 19. Bxe6 Bxe6 20. Ne4 f5 21. Nd6+ Bxd6 22. exd6 Rh7 23. Re1 Kd7 24. Rxe6 Kxe6 25. Qe5+ Kf7 26. Qxf5+ Kg8 27. Qg6+ 1-0

[Event "Cali Olimpiad sf-A (Women)"]
[Site "Cali"]
[Date "2008.09.03"]
[Round "7.2"]
[White "Chirivi Castiblanco, Jenny Astrid"]
[Black "Chaucanes, Lina Marcela"]
[Result "0-1"]
[WhiteElo "2211"]
[BlackElo "2000"]
[PlyCount "90"]
[EventDate "2008.09.03"]
[EventType "tourn"]
[EventRounds "7"]
[EventCountry "COL"]
[SourceTitle "EXT 2024"]
[Source "ChessBase"]
[SourceDate "2023.10.10"]
[SourceVersion "1"]
[SourceVersionDate "2023.10.10"]
[SourceQuality "1"]

1. d4 Nf6 2. c4 g6 3. Nc3 Bg7 4. e4 d6 5. f3 0-0 6. Bg5 Nc6 7. Qd2 a6 8. Nge2 Rb8 9. Nc1 e5 10. d5 Nd4 11. Bd3 c5 12. 0-0 b5 13. cxb5 axb5 14. f4 c4 15. fxe5 dxe5 16. Bb1 Qb6 17. Kh1 b4 18. Nd1 Ba6 19. Re1 Rfc8 20. a3 c3 21. bxc3 bxc3 22. Nxc3 Qa5 23. N3e2 Qxd2 24. Bxd2 Nxe2 25. Nxe2 Rb2 26. Bc3 Rxe2 27. Rxe2 Bxe2 28. Bb2 Nxd5 29. exd5 e4 30. Bxe4 Bxb2 31. Re1 Rc1 32. Rxc1 Bxc1 33. a4 Ba3 34. h3 Kf8 35. g4 Ke7 36. Kg2 Kd6 37. Kg3 Bc4 38. h4 Bxd5 39. Bc2 Bb4 40. h5 Be1+ 41. Kf4 Bd2+ 42. Kg3 Ke5 43. hxg6 hxg6 44. Bd3 Be1+ 45. Kh3 Kf4 0-1

[Event "Cali Olimpiad sf-A (Women)"]
[Site "Cali"]
[Date "2008.09.03"]
[Round "2.3"]
[White "Franco Valencia, Angela Maria"]
[Black "Chaucanes, Lina Marcela"]
[Result "1-0"]
[WhiteElo "2057"]
[BlackElo "2000"]
[PlyCount "41"]
[EventDate "2008.09.03"]
[EventType "tourn"]
[EventRounds "7"]
[EventCountry "COL"]
[SourceTitle "EXT 2024"]
[Source "ChessBase"]
[SourceDate "2023.10.10"]
[SourceVersion "1"]
[SourceVersionDate "2023.10.10"]
[SourceQuality "1"]

1. e4 c5 2. Nf3 e6 3. d4 cxd4 4. Nxd4 Nc6 5. Nc3 Qc7 6. Be2 Nf6 7. 0-0 Nxd4 8. Qxd4 Bc5 9. Qd3 a6 10. Kh1 h5 11. f4 d6 12. Qg3 Bd4 13. Qd3 Ba7 14. Be3 Bd7 15. Bxa7 Rxa7 16. Rad1 Ke7 17. e5 dxe5 18. fxe5 Ng4 19. Bxg4 hxg4 20. Ne4 Bc6 21. Qa3+ 1-0

[Event "Medellin Feria de las Flores op"]
[Site "Medellin"]
[Date "2008.08.09"]
[Round "6.9"]
[White "Zuluaga Mancilla, Cesar"]
[Black "Chaucanes, Lina Marcela"]
[Result "1-0"]
[WhiteElo "2308"]
[BlackElo "2000"]
[PlyCount "51"]
[EventDate "2008.08.06"]
[EventType "swiss"]
[EventRounds "9"]
[EventCountry "COL"]
[SourceTitle "EXT 2024"]
[Source "ChessBase"]
[SourceDate "2023.10.10"]
[SourceVersion "1"]
[SourceVersionDate "2023.10.10"]
[SourceQuality "1"]

1. d4 Nf6 2. Nf3 g6 3. c4 Bg7 4. Nc3 0-0 5. g3 d6 6. Bg2 Nbd7 7. 0-0 e5 8. h3 Re8 9. e4 exd4 10. Nxd4 c6 11. Be3 Nc5 12. Qc2 a5 13. Rad1 Qe7 14. Rfe1 Be6 15. Nxe6 Nxe6 16. f4 Nd7 17. Qd2 Ndc5 18. Qxd6 Qxd6 19. Rxd6 Bxc3 20. bxc3 Red8 21. Rxd8+ Rxd8 22. f5 Nd3 23. Rd1 gxf5 24. exf5 Ng7 25. Bf1 Nxf5 26. Bb6 1-0

[Event "Medellin Feria de las Flores op"]
[Site "Medellin"]
[Date "2008.08.06"]
[Round "4.16"]
[White "Garcia Cifuentes, Andres Felipe"]
[Black "Chaucanes, Lina Marcela"]
[Result "0-1"]
[WhiteElo "2127"]
[BlackElo "2000"]
[PlyCount "44"]
[EventDate "2008.08.06"]
[EventType "swiss"]
[EventRounds "9"]
[EventCountry "COL"]
[SourceTitle "EXT 2024"]
[Source "ChessBase"]
[SourceDate "2023.10.10"]
[SourceVersion "1"]
[SourceVersionDate "2023.10.10"]
[SourceQuality "1"]

1. e4 c5 2. Nf3 e6 3. d4 cxd4 4. Nxd4 a6 5. g3 Nf6 6. Bg2 Nc6 7. 0-0 Qc7 8. c3 Be7 9. Be3 0-0 10. Nd2 d5 11. f4 dxe4 12. Nxe4 Rd8 13. Qa4 Bd7 14. Qc2 Ng4 15. Nxc6 Bxc6 16. Bc1 Qb6+ 17. Kh1 f5 18. Nf2 Bxg2+ 19. Kxg2 Qc6+ 20. Kg1 Bc5 21. h3 Nxf2 22. Rxf2 Qf3 0-1

[Event "Bucaramanga op (Women)"]
[Site "Bucaramanga"]
[Date "2008.05.31"]
[Round "3"]
[White "Castro, Natalia Patricia"]
[Black "Chaucanes, Lina Marcela"]
[Result "0-1"]
[WhiteElo "1877"]
[BlackElo "2032"]
[PlyCount "58"]
[EventDate "2008.05.30"]
[EventType "swiss"]
[EventRounds "9"]
[EventCountry "COL"]
[SourceTitle "EXT 2010"]
[Source "ChessBase"]
[SourceDate "2010.11.25"]
[SourceVersion "1"]
[SourceVersionDate "2010.11.25"]
[SourceQuality "1"]

1. e4 c5 2. Nf3 e6 3. d4 cxd4 4. Nxd4 a6 5. Bd3 Nc6 6. Be3 Qc7 7. 0-0 Nf6 8. Nc3 Bd6 9. g3 h5 10. Be2 Bb4 11. Na4 h4 12. Nxc6 bxc6 13. Nb6 Rb8 14. Nc4 hxg3 15. fxg3 d5 16. Bf4 Qa7+ 17. Kg2 dxc4 18. Bxb8 Qxb8 19. Bxc4 Bb7 20. c3 Bd6 21. Qa4 Ke7 22. Bd3 c5 23. Rae1 Ng4 24. h3 Bxg3 25. Re2 Bh4 26. Kg1 Qg3+ 27. Rg2 Qe3+ 28. Kh1 Qxh3+ 29. Kg1 Bf2+ 0-1

[Event "Cali qual (Women)"]
[Site "Cali"]
[Date "2008.05.02"]
[Round "3"]
[White "Mateus, Martha"]
[Black "Chaucanes, Lina Marcela"]
[Result "1/2-1/2"]
[WhiteElo "2189"]
[BlackElo "2032"]
[PlyCount "42"]
[EventDate "2008.05.01"]
[EventType "swiss"]
[EventRounds "9"]
[EventCountry "COL"]
[SourceTitle "CBM 124 Extra"]
[Source "ChessBase"]
[SourceDate "2008.07.03"]
[SourceVersion "1"]
[SourceVersionDate "2008.07.03"]
[SourceQuality "1"]

1. e4 c5 2. Nf3 e6 3. d4 cxd4 4. Nxd4 Nc6 5. Nxc6 bxc6 6. Bd3 d5 7. 0-0 Nf6 8. Nd2 Qc7 9. exd5 cxd5 10. Nf3 Be7 11. b3 0-0 12. Bb2 Bb7 13. Rc1 Rfd8 14. Qe2 Nd7 15. Rfe1 Bf6 16. Bxf6 Nxf6 17. c4 dxc4 18. Bxc4 Qf4 19. Qe5 Qxe5 20. Nxe5 Rd2 21. a4 Bd5 1/2-1/2

[Event "American Continental 04th"]
[Site "Cali"]
[Date "2007.07.19"]
[Round "10"]
[White "Franco Valencia, Beatriz Irene"]
[Black "Chaucanes, Lina Marcela"]
[Result "1/2-1/2"]
[WhiteElo "2130"]
[BlackElo "1991"]
[PlyCount "106"]
[EventDate "2007.07.10"]
[EventType "swiss"]
[EventRounds "11"]
[EventCountry "COL"]
[SourceTitle "CBM 119 Extra"]
[Source "ChessBase"]
[SourceDate "2007.09.04"]
[SourceVersion "1"]
[SourceVersionDate "2007.09.04"]
[SourceQuality "1"]

1. Nf3 c5 2. g3 e6 3. Bg2 d5 4. d3 Nf6 5. Nbd2 Nc6 6. 0-0 Bd6 7. Re1 0-0 8. c3 Qc7 9. Nf1 Rb8 10. e4 dxe4 11. dxe4 e5 12. Qc2 Be6 13. Ng5 c4 14. Ne3 b5 15. Rd1 h6 16. Nf3 Bc5 17. b3 Rbd8 18. bxc4 Rxd1+ 19. Nxd1 bxc4 20. Be3 Bxe3 21. Nxe3 Rd8 22. Bf1 Na5 23. Rb1 Ng4 24. Ng2 Rb8 25. h3 Nf6 26. Ne3 Rb6 27. Nd2 Qb7 28. Rxb6 axb6 29. Nexc4 Nxc4 30. Nxc4 Bxc4 31. Bxc4 Nxe4 32. h4 Qc6 33. Qd3 Nd6 34. Bb3 b5 35. h5 e4 36. Qd4 Nc4 37. a4 Nd6 38. axb5 Qxb5 39. Qd5 Qxd5 40. Bxd5 Kf8 41. c4 f5 42. c5 Nb5 43. g4 Nc7 44. Bb3 fxg4 45. Kg2 Ke7 46. Kg3 Ne6 47. c6 Nd4 48. Bd5 Kd6 49. Kxg4 Nxc6 50. Bxe4 Ne7 51. Kf4 Ke6 52. Bf3 Kf6 53. Ke4 Nc8 1/2-1/2

[Event "American Continental 04th"]
[Site "Cali"]
[Date "2007.07.16"]
[Round "7"]
[White "Chaucanes, Lina Marcela"]
[Black "Franco Valencia, Angela Maria"]
[Result "1-0"]
[WhiteElo "1991"]
[BlackElo "2143"]
[PlyCount "57"]
[EventDate "2007.07.10"]
[EventType "swiss"]
[EventRounds "11"]
[EventCountry "COL"]
[SourceTitle "CBM 119 Extra"]
[Source "ChessBase"]
[SourceDate "2007.09.04"]
[SourceVersion "1"]
[SourceVersionDate "2007.09.04"]
[SourceQuality "1"]

1. e4 d5 2. exd5 Qxd5 3. Nc3 Qa5 4. d4 Nf6 5. Nf3 Bf5 6. Bc4 e6 7. 0-0 c6 8. Re1 Be7 9. Bd3 Bxd3 10. Qxd3 Nbd7 11. Bf4 Qh5 12. Ne4 Nxe4 13. Qxe4 g5 14. Bg3 0-0-0 15. d5 cxd5 16. Qa4 f5 17. Rxe6 f4 18. Rxe7 fxg3 19. hxg3 a6 20. Qa5 g4 21. Nd4 Rde8 22. Rae1 Rxe7 23. Rxe7 Qg6 24. Qc3+ Kd8 25. Re6 Qg5 26. Nc6+ Kc7 27. Ne5+ Kb8 28. Nxd7+ Ka7 29. Qd4+ 1-0

[Event "American Continental 04th"]
[Site "Cali"]
[Date "2007.07.15"]
[Round "6"]
[White "Remicio Duque, John H"]
[Black "Chaucanes, Lina Marcela"]
[Result "1-0"]
[WhiteElo "2189"]
[BlackElo "1991"]
[PlyCount "93"]
[EventDate "2007.07.10"]
[EventType "swiss"]
[EventRounds "11"]
[EventCountry "COL"]
[SourceTitle "CBM 119 Extra"]
[Source "ChessBase"]
[SourceDate "2007.09.04"]
[SourceVersion "1"]
[SourceVersionDate "2007.09.04"]
[SourceQuality "1"]

1. e4 c5 2. Nf3 e6 3. d4 cxd4 4. Nxd4 Nf6 5. Bd3 Nc6 6. Be3 Ne5 7. 0-0 Nxd3 8. Qxd3 d5 9. e5 Ne4 10. c4 Be7 11. Nc3 Nxc3 12. Qxc3 dxc4 13. Rfd1 Qc7 14. Nb5 Qc6 15. a4 b6 16. Nd6+ Bxd6 17. Rxd6 Qc7 18. Rc1 0-0 19. Qxc4 Qxc4 20. Rxc4 Bb7 21. Rc7 Bd5 22. Rdd7 a5 23. Bxb6 Rfc8 24. Bxa5 Bc6 25. Rxf7 Rxc7 26. Rxc7 Bxa4 27. b4 Bb5 28. f4 h6 29. Kf2 Kh7 30. Ke3 Kg6 31. g4 Rb8 32. h4 h5 33. gxh5+ Kxh5 34. Rxg7 Kxh4 35. f5 exf5 36. Kf4 Kh5 37. Kxf5 Bd3+ 38. Ke6 Re8+ 39. Kd6 Bc4 40. Re7 Rxe7 41. Kxe7 Kg6 42. Bc7 Kf5 43. Kd6 Bb5 44. e6 Kf6 45. Bd8+ Kg7 46. Kc5 Bd3 47. b5 1-0

[Event "COL-ch (Women)"]
[Site "Cartagena"]
[Date "2007.06.20"]
[Round "13"]
[White "Chaucanes, Lina Marcela"]
[Black "Villa, Olivia Rosalba"]
[Result "1/2-1/2"]
[WhiteElo "1969"]
[BlackElo "2002"]
[PlyCount "107"]
[EventDate "2007.06.13"]
[EventType "tourn"]
[EventRounds "13"]
[EventCountry "COL"]
[SourceTitle "CBM 119 Extra"]
[Source "ChessBase"]
[SourceDate "2007.09.04"]
[SourceVersion "1"]
[SourceVersionDate "2007.09.04"]
[SourceQuality "1"]

1. e4 Nf6 2. e5 Nd5 3. c4 Nb6 4. d4 d6 5. Nf3 g6 6. Be2 Bg7 7. exd6 cxd6 8. h3 0-0 9. 0-0 Nc6 10. Nc3 e5 11. dxe5 dxe5 12. Be3 Be6 13. Qxd8 Rfxd8 14. Bxb6 axb6 15. Rfd1 Nd4 16. Nxd4 exd4 17. Nb5 d3 18. Bxd3 Bxb2 19. Rab1 Rxa2 20. Bf1 Rxd1 21. Rxd1 Bf6 22. Nc7 Bf5 23. Nd5 Bg5 24. Nxb6 Be7 25. Nd5 Bc5 26. Ne3 Be6 27. Rb1 b6 28. Re1 f5 29. g3 Kf7 30. Re2 Ra1 31. Kg2 Rc1 32. Rb2 Bd4 33. Rb3 Bxe3 34. Rxe3 Bxc4 35. Bxc4+ Rxc4 36. Kf3 Rb4 37. g4 Kf6 38. gxf5 Kxf5 39. Re7 Rb3+ 40. Kg2 h6 41. Rh7 Kg5 42. Rf7 b5 43. f4+ Kh4 44. f5 Rg3+ 45. Kf2 gxf5 46. Rxf5 Rb3 47. Kg2 h5 48. Kf2 b4 49. Rb5 Rb1 50. Kg2 Rb2+ 51. Kf3 b3 52. Ke4 Rb1 53. Kf3 b2 54. Kg2 1/2-1/2